The days of the tudors and stuarts / (Record no. 186952)
[ view plain ]
| 000 -LEADER | |
|---|---|
| fixed length control field | 00589 a2200169 4500 |
| 003 - CONTROL NUMBER IDENTIFIER | |
| control field | Nust |
| 005 - DATE AND TIME OF LATEST TRANSACTION | |
| control field | 20230201140608.0 |
| 040 ## - CATALOGING SOURCE | |
| Transcribing agency | Nust |
| 082 ## - DEWEY DECIMAL CLASSIFICATION NUMBER | |
| Classification number | 930.1,FIR |
| 100 ## - MAIN ENTRY--PERSONAL NAME | |
| Personal name | C. B. Firth |
| 9 (RLIN) | 108415 |
| 245 ## - TITLE STATEMENT | |
| Title | The days of the tudors and stuarts / |
| Statement of responsibility, etc. | C. B. Firth |
| 260 ## - PUBLICATION, DISTRIBUTION, ETC. | |
| Place of publication, distribution, etc. | London |
| Name of publisher, distributor, etc. | Ginn and company |
| Date of publication, distribution, etc. | 1924 |
| 300 ## - PHYSICAL DESCRIPTION | |
| Extent | 206 |
| 505 ## - FORMATTED CONTENTS NOTE | |
| Formatted contents note | Introduction (Page-Xiii), General And Historical Notes And Exercises (Page-1), Extracts Form Contemporary Authorities (Page-107), List And Tables (Page-189). |
| 650 ## - SUBJECT ADDED ENTRY--TOPICAL TERM | |
| Topical term or geographic name entry element | The days of the tudors and stuarts |
| 9 (RLIN) | 108416 |
| 942 ## - ADDED ENTRY ELEMENTS (KOHA) | |
| Source of classification or shelving scheme | |
| Koha item type | Book |
| Call number prefix | 930.1,FIR |
| Withdrawn status | Lost status | Source of classification or shelving scheme | Damaged status | Not for loan | Permanent Location | Current Location | Shelving location | Date acquired | Full call number | Barcode | Date last seen | Price effective from | Koha item type | Public note |
|---|---|---|---|---|---|---|---|---|---|---|---|---|---|---|
| Military College of Signals (MCS) | Military College of Signals (MCS) | General Stacks | 12/12/2016 | 930.1,FIR | MCS29447 | 12/08/2016 | 12/12/2016 | Book | Almirah No. 59, Shelf No.6 |
